Палеография, хронология, археография, геральдика (Запис № 321829)

МАРК-запис
000 -Лідер
fixed length control field 00746nam a22002417a 4500
003 - Ідентифікатор контрольного номера
control field UA-OsUOA
001 - Контрольний номер
control field 35465
007 - Фіксоване поле фізичного опису
fixed length control field ta
008 - Елементи даних фіксованої довжини – загальна інформація
fixed length control field 20051201b un ||||| |||| 00| 0 ukr d
090 ## - Локальний шифр розміщення
Класифікаційний індекс УДК 930.272
Авторський знак (НП) Л47
040 ## - Джерело каталогізації
Агенція оригінальної каталогізації UA-OsUOA
Мова каталогізації rus
Агенція, яка здійснювала перезапис UA-OsUOA
Агенція, яка здійснювала модифікацію UA-OsUOA
041 ## - Код мови
Код мови тексту/ звукової доріжки чи окремого заголовка (П) rus
080 ## - Індекс Універсальної десяткової класифікації
Індекс Універсальної десяткової класифікації (УДК) (НП) 930.272
020 ## - Міжнародний стандартний книжковий номер (ISBN)
Міжнародний стандартний книжковий номер (ISBN) (НП) 5-691-00498-0
100 ## - Основне введення – ім’я особи
Ім’я особи (НП) Леонтьева Г.А.
245 ## - Відомості про назву
Назва (НП) Палеография, хронология, археография, геральдика
Решта назви (НП) Учеб. пособие для студ. высш. учеб. заведений
260 ## - Публікація, розповсюдження і т.п. (Вихідні дані)
Місце публікації, розповсюдження і т.п. (П) М.
Ім’я/ наймення видавництва, розповсюджувача і т.п. (П) Владос
Дата публікації, розповсюдження і т.п. (П) 2000
300 ## - Фізичний опис
Обсяг 200 с.
650 #7 - Додаткове предметне введення – тематичний термін
Тематичний термін чи географічна назва, як елемент введення (НП) 930.27 Епіграфіка. Палеографія
Джерело заголовка чи терміна UDC
942 ## - Додаткові елементи входу (Коха)
Тип елемента Koha Книги
955 ## - Код типу видання за змістом
Код типу видання за змістом (НП) Навчальні видання
Фонди
Стан вилучень Стан втрат Джерело класифікації або схеми стелажів Стан уражень Не для кредиту Постійне місце розташування Поточне розміщення Дата придбання Джерело придбання Вартість, звичайна ціна покупки Інвентарний номер Усього замовленно Повний номер виклику Штрих-код Дата останнього перегляду Ціна ефективна від Тип елемента Koha
    Universal Decimal Classification     АБ - Абонемент НБ АБ - Абонемент НБ 01/12/2005 140/2005 18.30 89050   930.272 Л47 89050 04/05/2022 01/12/2005 Книги
    Universal Decimal Classification     АБ - Абонемент НБ АБ - Абонемент НБ 01/12/2005 140/2005 18.30 89051   930.272 Л47 89051 18/01/2022 01/12/2005 Книги
    Universal Decimal Classification     АБ - Абонемент НБ АБ - Абонемент НБ 01/12/2005 140/2005 18.30 89052   930.272 Л47 89052 18/01/2022 01/12/2005 Книги
    Universal Decimal Classification     АБ - Абонемент НБ АБ - Абонемент НБ 01/12/2005 140/2005 18.30 89053   930.272 Л47 89053 18/01/2022 01/12/2005 Книги
    Universal Decimal Classification     АБ - Абонемент НБ АБ - Абонемент НБ 01/12/2005 140/2005 18.30 89054   930.272 Л47 89054 30/06/2022 01/12/2005 Книги
    Universal Decimal Classification     АБ - Абонемент НБ АБ - Абонемент НБ 01/12/2005 140/2005 18.30 89055   930.272 Л47 89055 04/05/2022 01/12/2005 Книги
    Universal Decimal Classification     АБ - Абонемент НБ АБ - Абонемент НБ 01/12/2005 140/2005 18.30 89056   930.272 Л47 89056 04/05/2022 01/12/2005 Книги
    Universal Decimal Classification     АБ - Абонемент НБ АБ - Абонемент НБ 01/12/2005 140/2005 18.30 89057   930.272 Л47 89057 04/05/2022 01/12/2005 Книги
    Universal Decimal Classification     АБ - Абонемент НБ АБ - Абонемент НБ 01/12/2005 140/2005 18.30 89058   930.272 Л47 89058 04/05/2022 01/12/2005 Книги
    Universal Decimal Classification     АБ - Абонемент НБ АБ - Абонемент НБ 01/12/2005 140/2005 18.30 89059   930.272 Л47 89059 18/01/2022 01/12/2005 Книги
    Universal Decimal Classification     ЧЗ - Читальна зала ЧЗ - Читальна зала 01/12/2005 140/2005 18.30 89045   930.272 Л47 89045 07/02/2022 01/12/2005 Книги
    Universal Decimal Classification     ЧЗ - Читальна зала ЧЗ - Читальна зала 01/12/2005 140/2005 18.30 89046   930.272 Л47 89046 07/02/2022 01/12/2005 Книги
    Universal Decimal Classification     ЧЗ - Читальна зала ЧЗ - Читальна зала 01/12/2005 140/2005 18.30 89047   930.272 Л47 89047 07/02/2022 01/12/2005 Книги
    Universal Decimal Classification     ЧЗ - Читальна зала ЧЗ - Читальна зала 01/12/2005 140/2005 18.30 89048   930.272 Л47 89048 07/02/2022 01/12/2005 Книги
    Universal Decimal Classification     ЧЗ - Читальна зала ЧЗ - Читальна зала 01/12/2005 140/2005 18.30 89049   930.272 Л47 89049 07/02/2022 01/12/2005 Книги